| 000 | 00505nam a2200181Ia 4500 | ||
|---|---|---|---|
| 001 | 48682 | ||
| 008 | 140430s9999 xx 000 0 und d | ||
| 020 | _a9780071622851 | ||
| 040 | _cPK-LaUMT | ||
| 082 |
_a 621.042 _bGEH-R |
||
| 100 | _aGehrke, Russel | ||
| 245 |
_aRenewable energies for your home _breal-world solutions for green conversions _cGehrke, Russel |
||
| 260 |
_aNew York,USA: _bMcGraw-Hill, _c2009 |
||
| 300 | _a208 p. | ||
| 546 | _aEN | ||
| 650 | _aRenewable energy sources | ||
| 942 | _cBK | ||
| 999 |
_c46479 _d46479 |
||